00680nam a22002177a 4500003000400000008004100004082001700045100001000062245008900072260006800161300000900229502001700238650001700255650001300272650001200285650001100297650001100308942001100319999001700330952011500347OSt260502b |||||||| |||| 00| 0 eng d a634.44bB30E aBarun aEffect of Paclobutrazol, Potassium Nitrate and Urea on Bearing of Mango / cby Barun a.- Sabour, Bhagalpurb: Bihar Agricultural College, RAUc, 2006 a61p. bPh. D.d2006 aHorticulture aPomology aMangoes aThesis aPh. D. 2ddccT c50359d50359 00102ddc4070aRAUbRAUd2026-05-02eby Authorg0.00l0o634.44 B30Ep54854r2026-05-02w2026-05-02yTkGift